2,715 one-line quotations for speakers, writers & raconteurs / (Record no. 639)
[ view plain ]
| 000 -LEADER | |
|---|---|
| fixed length control field | 00509pam a2200169 4500 |
| 001 - CONTROL NUMBER | |
| control field | 900 |
| 005 - DATE AND TIME OF LATEST TRANSACTION | |
| control field | 20181127162247.0 |
| 008 - FIXED-LENGTH DATA ELEMENTS--GENERAL INFORMATION | |
| fixed length control field | 891017s1989 nyu 001 0 eng |
| 010 ## - LIBRARY OF CONGRESS CONTROL NUMBER | |
| LC control number | 89018196 |
| 020 ## - INTERNATIONAL STANDARD BOOK NUMBER | |
| International Standard Book Number | 0517682362 |
| 245 00 - TITLE STATEMENT | |
| Title | 2,715 one-line quotations for speakers, writers & raconteurs / |
| Statement of responsibility, etc. | [compiled by] Edward F. Murphy. |
| 260 ## - PUBLICATION, DISTRIBUTION, ETC. | |
| Place of publication, distribution, etc. | New York : |
| Name of publisher, distributor, etc. | Bonanza Books, |
| Date of publication, distribution, etc. | 1989. |
| 300 ## - PHYSICAL DESCRIPTION | |
| Extent | 216 p. ; |
| Dimensions | 24 cm. |
| 500 ## - GENERAL NOTE | |
| General note | Includes index. |
| 650 #0 - SUBJECT ADDED ENTRY--TOPICAL TERM | |
| Topical term or geographic name entry element | Quotations, English. |
| 700 1# - ADDED ENTRY--PERSONAL NAME | |
| Personal name | Murphy, Edward F., |
| Dates associated with a name | 1921- |
No items available.